000 00304nam a2200133Ia 4500
008 100328s9999 xx 000 0 und d
082 _b49318
100 _aबोरकर वि.ज.
245 _aवंश.
260 _bमौज
630 _aवंश.
730 _aवंश.
942 _cBOOK
999 _c536738
_d536735